| 000 | 00904nam a2200229 a 4500 | ||
|---|---|---|---|
| 001 | 39573 | ||
| 003 | BD-RjUL | ||
| 005 | 20211209053023.0 | ||
| 008 | 160412s1995 bg ||||| |||| 00| 0 ben d | ||
| 020 |
_a9843001311 _c: TK 300.00 |
||
| 035 | _a(BD-RjUL)39686 | ||
| 040 |
_aBD-RjUL _bben _cBD-RjUL |
||
| 041 | _aben | ||
| 082 |
_223 _a891.441 _bFAA 1995 |
||
| 100 |
_aফারুকউজজামান, মমতাজ রেণু _9121891 |
||
| 245 | 1 | 2 |
_aআধাঁরে জ্বলে দীপ / _cমিসেস মমতাজ রেণু ফারুকউজজামান |
| 260 |
_aঢাকা : _bমিসেস মমতাজ রেণু ফারুকউজজামান, _c১৯৯৫ |
||
| 300 |
_a[৩০], ২৮৮ পৃ. ; _c২২ সেমি. |
||
| 650 |
_aবাংলা কবিতা _9121892 |
||
| 650 |
_aBengali poetry _9121893 |
||
| 942 |
_2ddc _cBK |
||
| 999 |
_c39573 _d39573 |
||